书目信息 |
| 题名: |
英汉生物化学词典
|
|
| 作者: | 冯宋明 编辑 | |
| 分册: | ||
| 出版信息: | 北京 科学出版社 1983 |
|
| 页数: | 998页 | |
| 开本: | 19cm | |
| 丛书名: | ||
| 单 册: | ||
| 中图分类: | Q5-61 | |
| 科图分类: | ||
| 主题词: | 生物化学--词典--英、中 | |
| 电子资源: | ||
| ISBN: | ||
| 000 | 00642nam0 2200229 45 | |
| 001 | 0183006439 | |
| 005 | 20051027101929.28 | |
| 010 | @b精装@dCNY5.40 | |
| 091 | @a17031.172 | |
| 100 | @a19950607d1983 em y0chiy0121 ea | |
| 101 | 0 | @achi@aeng |
| 102 | @aCN@b110000 | |
| 105 | @ay e 000yy | |
| 200 | 10 | @a英汉生物化学词典@Aying han sheng wu hua xue ci dian@f冯宋明编辑@Ffeng song ming bian ji |
| 210 | @a北京@c科学出版社@d1983 | |
| 215 | @a998页@d19cm | |
| 606 | @a生物化学@x词典@x英、中 | |
| 690 | @aQ5-61@v3 | |
| 701 | 0 | @a冯宋明@Afeng song ming@4编辑 |
| 801 | 2 | @aCN@bNLC@c20051027 |
| 801 | 0 | @aCN@bTSSF |
| 905 | @a10447@dQ5-61@e30 | |
| 英汉生物化学词典/冯宋明编辑.-北京:科学出版社,1983 |
| 998页;19cm |
| ISBN (精装):CNY5.40 |
| ● |
| 相关链接 |
|
|
|
|
正题名:英汉生物化学词典
索取号:Q5-61/30
 
预约/预借
| 序号 | 登录号 | 条形码 | 馆藏地/架位号 | 状态 | 备注 |
| 1 | 0244495 | 000556721 | 工具书阅览室/ [索取号:Q5-61/30] | 在馆 |